Normal view
MARC view
- Human beings
Entry Topical Term
001 - CONTROL NUMBER
- control field: 2764
003 - CONTROL NUMBER IDENTIFIER
- control field: NUST
005 - DATE AND TIME OF LATEST TRANSACTION
- control field: 20170616090925.0
008 - FIXED-LENGTH DATA ELEMENTS
- fixed length control field: 170616|| aca||aabn | a|a d
040 ## - CATALOGING SOURCE
- Original cataloging agency: NUST
- Transcribing agency: NUST
150 ## - HEADING--TOPICAL TERM
- Topical term or geographic name entry element: Human beings
- General subdivision: Effect of climate on
- Geographic subdivision: Pakistan
- Geographic subdivision: Sindh.
670 ## - SOURCE DATA FOUND
- Source citation: Work cat.: (NUST)0: Gender dimensions of climate change :
